Normal view
MARC view
- Reg Austin
Entry Personal Name
001 - CONTROL NUMBER
- control field: 1418
003 - CONTROL NUMBER IDENTIFIER
- control field: NUST
005 - DATE AND TIME OF LATEST TRANSACTION
- control field: 20170525122451.0
008 - FIXED-LENGTH DATA ELEMENTS
- fixed length control field: 170525|| aca||aabn | a|a d
040 ## - CATALOGING SOURCE
- Original cataloging agency: NUST
- Transcribing agency: NUST
100 ## - HEADING--PERSONAL NAME
- Personal name: Reg Austin
670 ## - SOURCE DATA FOUND
- Source citation: Work cat.: (NUST)32649: Reg Austin, Unmanned aircraft systems :, c2010.
